| 000 | 00561nam a2200169Ia 4500 | ||
|---|---|---|---|
| 008 | 090201s9999 xx 000 0 und d | ||
| 010 | _aKPL-27452 | ||
| 040 | _bमराठी | ||
| 041 | _aमराठी | ||
| 082 |
_a25980 _b27452 |
||
| 100 | _aविमला जोशी | ||
| 245 |
_aकोथिंबीरीची फुले _cविमला जोशी |
||
| 260 |
_c2004 _bडॉ.सौ.शंकुतला लाटकर |
||
| 300 |
_a110 _bमोठा |
||
| 600 | _aकोथिंबीरीची फुले | ||
| 942 | _cBOOK | ||
| 999 |
_c225133 _d225133 |
||